| 000 | 00816nam a22002417a 4500 | ||
|---|---|---|---|
| 003 | 0 | ||
| 005 | 20250902092647.0 | ||
| 008 | 250902b xxu||||| |||| 00| 0 eng d | ||
| 020 | _a978-1-032-38661-4 | ||
| 050 |
_aLB 3051 _b.N57 2025 |
||
| 100 |
_aNisbet, Isabel, _eauthor. |
||
| 245 |
_aEducational assessment in a changing world : _blessons learned and the path ahead / _cIsabel Nisbet and Stuart Shaw. |
||
| 260 |
_aNew York, NY : _bRoutledge, _c2025. |
||
| 300 |
_axiii, 217 pages ; _c24 cm. |
||
| 504 | _aIncludes bibliographical references and index. | ||
| 650 | _aEducational tests and measurements. | ||
| 650 | _aEducational evaluation. | ||
| 650 |
_aLearning _xEvaluation. |
||
| 650 |
_aEducation _xStandards. |
||
| 650 | _aEducational change. | ||
| 700 |
_aShaw, Stuart, _eauthor. |
||
| 942 |
_2lcc _cBK |
||
| 999 |
_c367740 _d367740 |
||